| 000 | 00725nam a2200277 a 4500 | ||
|---|---|---|---|
| 003 | AR-BaBNM | ||
| 005 | 20251128205441.0 | ||
| 008 | 082120s2002 ||||||||||||||000 | spa|| | ||
| 040 | _cAR-BaBNM | ||
| 100 | 1 | _aBuerger, Jane | |
| 245 | 0 | 0 | _aLa obediencia |
| 260 |
_a[S.l.] _bEncyclopaedia Britannica _c1995 |
||
| 300 |
_a29 p. _bil. |
||
| 490 | 0 |
_aValores para la vida _vv. 19 |
|
| 650 | 4 | _aVALORES MORALES | |
| 650 | 4 | _aVALORES CULTURALES | |
| 650 | 4 | _aVALORES SOCIALES | |
| 650 | 4 | _aEDUCACION MORAL | |
| 650 | 4 | _aVIRTUD Y VICIO | |
| 653 | _aEDUCACION EN VALORES | ||
| 653 | _aEDUCACION INICIAL | ||
| 653 | _aPRIMER CICLO DE LA EGB | ||
| 700 | 1 |
_aEndres, Helen _eilustrador |
|
| 942 | _cBK | ||
| 998 | _cSILVI | ||
| 999 |
_c11455 _d11455 |
||